000
00275nam a2200109Ia 4500
008
220204s9999 xx 000 0 und d
082
_a
033
_b
ANJ
100
_a
Anjaria, J J
245
0
_a
Strategy of economic development
260
_a
Bombay
_b
Orient Longman
_c
1969
942
_c
BK
999
_c
22348
_d
22348